Konjunkturní situace ve Velké Británii Matematická konjunkturní publikace

Gespeichert in:
Bibliographische Detailangaben
Weitere Verfasser: Blagonravová, Zina, Blažek, Antonín
Format: Buch
Sprache:Tschechisch
Veröffentlicht: Praha Centrum vnějších ekonomických vztahů 1993
Ausgabe:1. vyd.
Schlagworte:
Tags: Tag hinzufügen
Keine Tags, Fügen Sie das erste Tag hinzu!

MARC

LEADER 00000nam a2200000 4500
001 c002790
005 20221206074636.0
041 0 |a cze 
044 |a CZ 
245 1 0 |a Konjunkturní situace ve Velké Británii  |b Matematická konjunkturní publikace  |c Sprac. Zina Blagonravová, Antonín Blažek 
250 |a 1. vyd. 
264 1 |a Praha  |b Centrum vnějších ekonomických vztahů  |c 1993 
300 |a 61 s. 
610 2 0 |a konjunktúra hospodárska 
610 2 0 |a Veľká Británia 
610 2 0 |a obchod zahraničný 
610 2 0 |a ČSFR 
610 2 0 |a energetika 
610 2 0 |a metalurgia 
610 2 0 |a priemysel spracovateľský 
610 2 0 |a ukazovatele ekonomické 
610 2 0 |a bilancia platobná 
610 2 0 |a 1992 
610 2 0 |a štruktúra vývozu 
610 2 0 |a štruktúra dovozu 
610 2 0 |a spotreba energie 
700 1 |a Blagonravová, Zina 
700 1 |a Blažek, Antonín